| 000 | 00445nam a2200169Ia 4500 | ||
|---|---|---|---|
| 008 | 230917s9999||||xx |||||||||||||| ||und|| | ||
| 020 | _cRS795 | ||
| 040 |
_e256483 _aMAIN |
||
| 041 | _aEnglish | ||
| 082 | _a150.954 D15W | ||
| 100 | _aDalal, Ajit K | ||
| 245 | 0 | _aWhither Indian psychology ? | |
| 260 |
_aJaipur _bRawat Publications _c2019 |
||
| 300 | _aix, 196 p. | ||
| 500 | _a3518 19/07/2019 RK19/978 06/08/2019 Main Budget | ||
| 942 | _cBK | ||
| 999 |
_c31790 _d31790 |
||